Movies From Scenes Kinda Hard 3 - Statistics

General Stats
  • This quiz has been taken 26 times
  • The average score is 8 of 16
Answer Stats
Picture Answer % Correct
V for Vendetta
91%
Dead Poets Society
83%
Saving Private Ryan
78%
Ace Ventura
74%
Back To the Future 3
74%
American Psycho
70%
I Know What You Did Last Summer
70%
Parasite
70%
Blood Diamond
57%
Frankenstein
43%
Life is Beautiful
30%
3:10 to Yuma
22%
El Camino
22%
Mr. Deeds
22%
Society of the Snow
13%
Pianist
9%
No matching quizzes found
Score Distribution
Percent of People with Each Score
Percentile by Number Answered
Your Score History
You have not taken this quiz